A Modern Approach to Verbal And Non Verbal Reasoning (Record no. 214957)
[ view plain ]
| 000 -LEADER | |
|---|---|
| fixed length control field | 00695nam a22001817a 4500 |
| 005 - DATE AND TIME OF LATEST TRANSACTION | |
| control field | 20260226145350.0 |
| 010 ## - LCCN (DPL NO) | |
| LC control number | BACEN26 |
| 020 ## - INTERNATIONAL STANDARD BOOK NUMBER | |
| International Standard Book Number | 9789364685979 |
| Terms of availability | 899.00 |
| 037 ## - SOURCE OF ACQUISITION | |
| Source of stock number/acquisition | S Chand And Company Limited Publication |
| 082 ## - DEWEY DECIMAL CLASSIFICATION NUMBER | |
| Classification number | 000 |
| 100 ## - MAIN ENTRY--PERSONAL NAME | |
| Personal name | Aggarwal, RS |
| 245 ## - TITLE STATEMENT | |
| Title | A Modern Approach to Verbal And Non Verbal Reasoning |
| Remainder of title | by R.S. Aggarwal |
| 260 ## - PUBLICATION, DISTRIBUTION, ETC. (IMPRINT) | |
| Place of publication, distribution, etc | Delhi |
| Name of publisher, distributor, etc | S Chand And Company Limited |
| Date of publication, distribution, etc | 2025 |
| 270 ## - ADDRESS | |
| Address | A-27, 2nd Floor, Mohan Co-operative Industrial Estate |
| City | Delhi |
| Postal code | 110044 |
| 300 ## - PHYSICAL DESCRIPTION | |
| Extent | Various Pages |
| Dimensions | 27cm(pb) |
| 500 ## - GENERAL NOTE | |
| General note | IBPS- PO/Clerk/SO, RRB Officers, SBI-PO/Clerk, RBI, NABARD and IDBI Bank Executive Officer<br/> |
| 942 ## - ADDED ENTRY ELEMENTS (KOHA) | |
| Source of classification or shelving scheme | Dewey Decimal Classification |
| Item type | English Books |
| Classification part | 000 |
| Call number suffix | VER |
No items available.
